The Oxford handbook of digital ethics /

The Oxford Handbook of Digital Ethics is a lively and authoritative guide to ethical issues related to digital technologies, with a special emphasis on AI. Philosophers with a wide range of expertise cover thirty-seven topics, from the right to have access to internet, to trolling and online shaming...

Full description

Bibliographic Details
Other Authors: Véliz, Carissa (Editor)
Format: Book
Language:English
Published: Oxford ; New York : Oxford University Press, [2024].
Series:Oxford handbooks.
Subjects:

MARC

Tag First Indicator Second Indicator Subfields
LEADER 00000cam a2200000 i 4500
001 in00004792189
003 OCoLC
005 20240620153410.1
008 230426t20242024enk bf 001 0 eng d
035 |a (OCoLC)1378326894 
040 |a YDX  |e rda  |c YDX  |d BDX  |d UND  |d KAT 
020 |a 9780198857815  |q hardcover 
020 |a 0198857810  |q hardcover 
020 |z 9780192599681  |q electronic publication 
020 |z 9780191890437 
050 4 |a QA76.9.M65  |b O94 2024 
082 0 |a 174.90904  |2 23 
245 0 4 |a The Oxford handbook of digital ethics /  |c edited by Carissa Véliz. 
264 1 |a Oxford ;  |a New York :  |b Oxford University Press,  |c [2024]. 
264 4 |c ©2024. 
300 |a xvi, 786 pages ;  |c 26 cm. 
336 |a text  |b txt  |2 rdacontent 
337 |a unmediated  |b n  |2 rdamedia 
338 |a volume  |b nc  |2 rdacarrier 
490 1 |a Oxford handbooks 
504 |a Includes bibliographical references and index. 
505 0 |g Part I. Ethical Theories and Digital Ethics --  |t The history of digital ethics /  |r Vincent C. Müller --  |t Virtues in the digital age /  |r Shannon Vallor --  |t The ethics of human-robot interaction and traditional moral theories /  |r Sven Nyholm --  |t Is there a right to internet access? /  |r Rowan Cruft --  |g Part II. Social Media and Free Speech --  |t A normative framework for sharing information online /  |r Emily Sullivan,  |r Mark Alfano --  |t Fake news rebuilding the epistemic landscape /  |r Neil Levy --  |t What's wrong with trolling? /  |r Rebecca Roache --  |t The moral risks of online shaming /  |r Krista K. Thomason --  |t Is there collective responsibility for misogyny perpetrated on social media? /  |r Holly Lawford-Smith,  |r Jessica Megarry --  |t Extreme speech, democratic deliberation, and social media /  |r Jeffrey W. Howard --  |g Part III. Friendship, Love, and Sex --  |t Friendship online /  |r Dean Cocking --  |t The moral rights and wrongs of online dating and hook-ups /  |r Lily Frank,  |r Michal Klincewicz --  |t The ethics of sex robots /  |r Aksel Sterri,  |r Brian D. Earp --  |t The ethics of virtual sexual assault /  |r John Danaher --  |g Part IV. Ethical Design of Technology --  |t Ethical dimensions of persuasive technology /  |r James Williams --  |t How robots have politics /  |r Robert Sparrow --  |t Ethical issues with artificial ethics assistants /  |r Elizabeth O'Neill,  |g [and others] --  |t The challenge of value alignment from fairer algorithms to ai safety /  |r Iason Gabriel,  |r Vafa Ghazavi --  |t Digital nudging exploring the ethical boundaries /  |r Marcello Ienca,  |r Effy Vayena --  |t Interpretability and transparency in artificial intelligence /  |r Brent Mittelstadt --  |g Part V. Justice and Fairness --  |t Algorithmic bias and access to opportunities /  |r Lisa Herzog --  |t The ethics of predictive policing /  |r Katerina Hadjimatheou,  |r Christopher Nathan --  |t (when) is adblocking wrong? /  |r Thomas Douglas --  |t Price discrimination in the digital age /  |r Kasper Lippert-Rasmussen,  |r Lauritz Aastrup Munch --  |g Part VI. Health --  |t The ethics of medical AI /  |r Abhishek Mishra,  |g [and others] --  |t Health and digital technology partnerships too close for comfort? /  |r Laura Specker Sullivan --  |t Explainable machine learning, patient autonomy, and clinical reasoning /  |r Geoff Keeling,  |r Rune Nyrup --  |g Part VII. Privacy and Security --  |t The surveillance delusion /  |r Carissa Véliz --  |t Privacy in social media /  |r Andrei Marmor --  |t The ethics of facial recognition technology /  |r Evan Selinger,  |r Brenda Leong --  |t Ethical approaches to cybersecurity /  |r Kevin Macnish,  |r Jeroen van der Ham --  |t The ethics of weaponized AI /  |r Michael Robillard --  |g Part VIII. The Future --  |t Should we automate democracy? /  |r Johannes Himmelreich --  |t The ethics of quitting social media /  |r Rob Simpson --  |t The ethics of brain uploading /  |r Francesca Minerva --  |t How does artificial intelligence pose an existential risk? /  |r Karina Vold,  |r Daniel R. Harris --  |t Automation and the future of work /  |r John Danaher. 
520 |a The Oxford Handbook of Digital Ethics is a lively and authoritative guide to ethical issues related to digital technologies, with a special emphasis on AI. Philosophers with a wide range of expertise cover thirty-seven topics, from the right to have access to internet, to trolling and online shaming, speech on social media, fake news, sex robots and dating online, persuasive technology, value alignment, algorithmic bias, predictive policing, price discrimination online, medical AI, privacy and surveillance, automating democracy, the future of work and AI and existential risk, among others. Each chapter gives a rigorous map of the ethical terrain, engaging critically with the most notable work in the area, and pointing directions for future research. 
650 0 |a Computer science  |x Moral and ethical aspects  |v Handbooks, manuals, etc. 
650 0 |a Information technology  |x Moral and ethical aspects  |v Handbooks, manuals, etc. 
650 0 |a Artificial intelligence  |x Moral and ethical aspects  |v Handbooks, manuals, etc. 
650 0 |a Artificial intelligence  |x Moral and ethical aspects. 
700 1 |a Véliz, Carissa,  |e editor. 
830 0 |a Oxford handbooks. 
945 |b 87639 
947 |a A14852491449 
948 |a dmitchel 6/20//24 10.30.20 
980 |b print  |c 40032312236  |f NONFIC/B  |g 565714  |k USD  |m 116.00  |q 1  |s AcqMono Conventional  |t Approval plan  |u Vendor order reference number  |v ZYBP  |y Print approval  |z Physical resource 
999 f f |i 0079c916-d61d-4665-9434-7495d0d6beae  |s 914b7c64-4751-48a3-b7c3-2c09022e9b79  |t 0 
952 f f |p normal  |a Texas A&M University  |b College Station  |c Sterling C. Evans Library  |s Evans stk  |d Evans: Library Stacks  |t 0  |e QA76.9.M65 O94 2024  |h Library of Congress classification  |i unmediated -- volume  |m A14852491449 
998 f f |a QA76.9.M65 O94 2024  |t 0  |l Evans: Library Stacks